[Event "1st Goa GM Open 2018"]
[Site "Taleigao"]
[Date "2018.10.17"]
[Round "6"]
[White "Michelle Catherina, P."]
[Black "Sai Agni Jeevitesh, J."]
[Result "1-0"]
[WhiteElo "2147"]
[BlackElo "2362"]
[Annotator "NA RC"]
[PlyCount "113"]
[EventDate "2018.10.13"]
[EventType "swiss"]
[EventCountry "IND"]
[SourceTitle "playchess.com"]
[Source "ChessBase"]
[SourceQuality "1"]
[TimeControl "5400+30"]

1. e4 {[%emt 0:02:12]} e6 {[%emt 0:00:00]} 2. d4 {[%emt 0:00:06]} d5 {[%emt 0:00:00]} 3. Nc3 {[%emt 0:00:07]} Nf6 {[%emt 0:00:04]} 4. e5 {[%emt 0:00:53]} Nfd7 5. Nce2 {[%emt 0:00:11]} c5 {[%emt 0:00:56]} 6. c3 {[%emt 0:00:16]} Nc6 {[%emt 0:00:01]} 7. f4 {[%emt 0:02:01]} cxd4 {[%emt 0:02:06]} 8. cxd4 {[%emt 0:01:44]} a5 {[%emt 0:00:35] C11: French: Classical System: 4 e5 and 4 Bg5 dxe4} (8... f6 9. Nf3 fxe5 10. fxe5 Bb4+ 11. Bd2 O-O 12. Bxb4 Nxb4 13. Qd2 a5 14. Nc3 Nb6 15. Be2 Nc4 16. Bxc4 dxc4 {0-1 (40) Shabalov,A (2585)-Ni,H (2710) Beijing 2008}) 9. Nf3 {[%emt 0:04:55]} Nb6 {[%emt 0:00:28]} 10. g3 {[%emt 0:06:41]} Bd7 {[%emt 0:04:17]} 11. Bh3 {[%emt 0:02:44]} a4 {[%emt 0:02:42]} 12. O-O {[%emt 0:04:28]} g6 {[%emt 0:20:03]} 13. Kh1 $146 {[%emt 0:10:22]} ({Predecessor:} 13. f5 exf5 14. Nf4 Be6 15. g4 fxg4 16. Nxe6 fxe6 17. Bxg4 Qd7 18. Ng5 Nd8 19. Qf3 Bg7 20. Qh3 {1-0 (20) Havelka,J (1273)-Lenz,J (1083) LSS email 2013}) 13... Be7 {[%emt 0:08:07]} (13... Nc4 $11) 14. Nc3 {[%emt 0:05:22]} Rc8 {[%emt 0:05:32]} 15. Bd2 {[%emt 0:13:15]} Na7 {[%emt 0:13:52]} 16. Qe2 {[%emt 0:11:35]} Nc4 $1 {[%emt 0:04:02]} 17. Be1 {[%emt 0:05:26]} b5 {[%emt 0:06:00]} 18. b3 {[%emt 0:14:12]} Na3 {[%emt 0:02:47]} 19. Rf2 {[%emt 0:06:08]} axb3 {[%emt 0:08:16]} 20. axb3 {[%emt 0:00:25]} b4 {[%emt 0:01:43]} 21. Na2 {[%emt 0:04:45]} Qb6 {[%emt 0:01:11]} 22. Rc1 {[%emt 0:00:43]} ({Better is} 22. Qd1 $15) 22... Rxc1 {[%emt 0:03:24]} 23. Nxc1 {[%emt 0:00:02]} Bb5 {[%emt 0:00:05]} (23... O-O $17 24. Nd3 Rc8) 24. Qd1 {[%emt 0:02:14]} Nc6 {[%emt 0:01:00]} 25. Rd2 {[%emt 0:01:06]} h6 {[%emt 0:03:05]} 26. Nd3 {[%emt 0:00:31]} Ba6 {[%emt 0:04:43]} ({Don't go for} 26... Nxd4 $2 27. Bf2 $18) 27. Bf2 {[%emt 0:00:19]} Nb5 {[%emt 0:01:01]} 28. Nc5 {[%emt 0:00:57]} Nc3 {[%emt 0:00:06]} 29. Qa1 {[%emt 0:00:33]} Na5 {[%emt 0:01:26]} 30. Rb2 {[%emt 0:00:33]} Bb5 {[%emt 0:01:25]} 31. Be3 {[%emt 0:00:28]} O-O {[%emt 0:02:47]} 32. f5 {[%emt 0:00:29]} exf5 {[%emt 0:00:15]} 33. Bxh6 {[%emt 0:00:17]} Ra8 {[%emt 0:00:19]} (33... Re8 $17 34. Bg2 Nc6) 34. Be3 $19 {[%emt 0:00:36]} ({White should play} 34. g4 $15) 34... Qd8 {[%emt 0:01:29]} 35. Qe1 {[%emt 0:00:40]} Be2 {[%emt 0:01:17]} (35... Bxc5 $17 36. dxc5 Nc6) 36. Bg2 {[%emt 0:00:27]} Nc6 {[%emt 0:02:02]} 37. Rxe2 {[%emt 0:00:33]} Nxe2 {[%emt 0:00:05]} 38. Qxe2 {[%emt 0:00:03]} Ra1+ {[%emt 0:00:06]} 39. Ng1 {[%emt 0:00:48]} Na5 {[%emt 0:01:35]} 40. Qb5 {[%emt 0:00:38]} Bxc5 41. Qxc5 {[%emt 0:00:27]} Nxb3 {[%emt 0:01:01]} 42. Qxb4 {[%emt 0:00:17]} Na5 {[%emt 0:00:21]} 43. Qd6 {[%emt 0:00:33]} Qxd6 {[%emt 0:00:32]} 44. exd6 {[%emt 0:00:01]} Nb7 {[%emt 0:00:42]} 45. d7 {[%emt 0:00:14]} Nd8 {[%emt 0:00:31]} 46. Bg5 {[%emt 0:00:26]} Ra8 {[%emt 0:00:10]} 47. Bxd5 {[%emt 0:00:12]} Rb8 {[%emt 0:00:01]} 48. Bf6 {[%emt 0:01:24]} Rb5 {[%emt 0:00:38]} 49. Bc4 {[%emt 0:00:26]} Rb8 {[%emt 0:00:42]} 50. Nf3 {[%emt 0:00:31]} Rb1+ {[%emt 0:00:43]} 51. Kg2 {[%emt 0:00:04]} Rb2+ {[%emt 0:00:06]} 52. Kh3 {[%emt 0:00:21]} Rb7 {[%emt 0:00:55]} 53. Bxd8 {[%emt 0:00:15]} Rxd7 {[%emt 0:00:01]} 54. Bf6 {[%emt 0:00:12]} Rd6 {[%emt 0:00:22]} 55. Be5 {[%emt 0:00:06]} Rc6 {[%emt 0:00:03]} 56. Bd5 {[%emt 0:00:08]} Ra6 {[%emt 0:00:09]} 57. Ng5 {[%emt 0:00:22]} 1-0

[Event "1st Goa GM Open 2018"]
[Site "Taleigao"]
[Date "2018.10.17"]
[Round "6"]
[White "Ramnathan, Balasubramaniam"]
[Black "Rajdeep Sarkar"]
[Result "0-1"]
[WhiteElo "2142"]
[BlackElo "2355"]
[Annotator "TA"]
[PlyCount "78"]
[EventDate "2018.10.13"]
[EventType "swiss"]
[EventCountry "IND"]
[SourceTitle "playchess.com"]
[Source "ChessBase"]
[SourceQuality "1"]

{[%evp 9,78,14,20,0,0,4,8,0,0,0,0,-16,-6,-8,31,0,0,0,0,0,0,-8,-9,-14,0,-33,-28,-43,-24,-24,-34,-30,-28,-43,-35,-50,-43,-43,-47,-109,-111,-183,-169,-186,-185,-189,-189,-185,-162,-173,-162,-204,-187,-205,-207,-203,-193,-266,-229,-234,-234,-241,-240,-248,-239,-970,-966,-1444,-1345,-1125,-1112]} 1. Nf3 d5 2. b3 c5 3. Bb2 Nc6 4. e3 Nf6 5. Bb5 Bd7 6. Bxc6 {A06: Réti Opening:1 Nf3 d5} (6. c4 a6 7. Bxc6 Bxc6 8. Ne5 Rc8 9. O-O e6 10. d3 Be7 11. Nd2 O-O 12. f4 Nd7 13. Nxc6 Rxc6 {1-0 (33) Karjakin,S (2773)-Duda,J (2737) chess.com INT 2018}) 6... Bxc6 7. Ne5 Rc8 8. d4 {The position is equal.} e6 9. O-O cxd4 10. Bxd4 Bd6 11. Nd2 {[%cal Bb1d2,Bd2f3,Bf3d4][%mdl 32]} Qc7 $146 ({Predecessor:} 11... O-O 12. c4 b6 13. Rc1 Bb7 14. cxd5 Rxc1 15. Qxc1 exd5 {1-0 (42) Bello Castano,D (1888)-D'Amade,P (1856) San Sebastian 2011}) 12. Ndf3 O-O {[%cal Bh8f8,Bf8g8,Bg8g7][%mdl 32]} 13. Nxc6 Qxc6 14. Bxf6 gxf6 15. Nd4 Qd7 16. Qh5 Kh8 17. f4 Rg8 18. Rf3 Rg7 (18... Bb4 {is interesting.} 19. Rd1 Qe7 20. Rf2 f5 21. Rd3 Be1) 19. Rd1 Rc3 20. Qh4 Be7 {[%cal Bd6e7,Be7f6,Bf6d4][%mdl 32] Hoping for ...e5.} 21. Qf2 f5 22. Qe2 a6 23. Rd3 Qc8 24. Rh3 (24. Qd1 $15) 24... Bf6 $1 $17 25. Rg3 {[#]} (25. Rxc3 $17 {keeps fighting.} Qxc3 26. Kf2) 25... Bxd4 $1 $19 26. exd4 Rxc2 27. Rd2 Rc1+ 28. Kf2 Qc7 29. Qe3 Rg6 30. Rf3 Kg8 31. Re2 b5 32. Qd2 a5 33. a3 (33. Qd3 $142) 33... Kh8 34. Qd3 b4 35. axb4 axb4 36. Qb5 Rh1 37. Qxb4 $2 {[#]} (37. Qc5 Qb8 38. Ra2) 37... Qc1 $1 {[%csl Gh1][%cal Rc1g1] Black is clearly winning.} 38. Qb8+ Kg7 {[%csl Gh1][%cal Rc1g1]} 39. Qe5+ f6 {Precision: White = 36%, Black = 79%.} 0-1

[Event "1st Goa GM Open 2018"]
[Site "Taleigao"]
[Date "2018.10.17"]
[Round "6"]
[White "Prasannaa.s"]
[Black "Kathmale, Sameer"]
[Result "1/2-1/2"]
[WhiteElo "2124"]
[BlackElo "2343"]
[Annotator "TA"]
[PlyCount "35"]
[EventDate "2018.10.13"]
[EventType "swiss"]
[EventCountry "IND"]
[SourceTitle "playchess.com"]
[Source "ChessBase"]
[SourceQuality "1"]

{[%evp 17,35,0,0,0,0,0,0,0,0,-4,23,18,22,0,0,0,25,0,0,0]} 1. Nf3 d5 2. c4 d4 3. e3 c5 4. exd4 cxd4 5. d3 Nc6 6. g3 g6 7. Bg2 Bg7 8. O-O Nf6 {[%cal Bg8f6,Bf6d7,Bd7c5][%mdl 32]} 9. Re1 {A09: Réti Opening: 1 Nf3 d5 2 c4} O-O {LiveBook: 13 Games} 10. Ne5 (10. a3 a5 11. Nbd2 Bf5 12. Nh4 Bg4 13. Qc2 g5 14. Nhf3 h6 15. Rb1 Rc8 16. b4 axb4 17. axb4 {1-0 (40) Tomashevsky,E (2731)-Li,C (2746) Moscow 2016}) 10... Nxe5 11. Rxe5 Nd7 12. Re1 a5 $146 ({Predecessor:} 12... Re8 13. b4 a5 14. b5 Ra7 15. Ba3 Ne5 16. h3 g5 {½-½ (46) Urban,K (2444)-Loeffler,S (2385) Hamburg 1999}) 13. Nd2 {[%cal Bb1d2,Bd2e4,Be4g5][%mdl 32]} Nc5 14. Ne4 Ne6 15. Ng5 Nc5 16. Ne4 Ne6 17. Ng5 Nc5 18. Ne4 1/2-1/2

[Event "1st Goa GM Open 2018"]
[Site "Taleigao"]
[Date "2018.10.17"]
[Round "6"]
[White "Sudhanshu Ranjan"]
[Black "Saurabh Anand"]
[Result "1/2-1/2"]
[WhiteElo "2060"]
[BlackElo "2303"]
[Annotator "TA"]
[PlyCount "35"]
[EventDate "2018.10.13"]
[EventType "swiss"]
[EventCountry "IND"]
[SourceTitle "playchess.com"]
[Source "ChessBase"]
[SourceQuality "1"]

{[%evp 17,35,63,91,95,93,94,97,97,100,97,137,104,109,111,185,117,185,101,100,-282]} 1. d4 Nf6 2. c4 e6 3. Nc3 Bb4 4. e3 b6 5. Nge2 Bb7 6. a3 Bxc3+ 7. Nxc3 O-O 8. Bd3 d6 9. O-O Nbd7 10. e4 {E44: Nimzo-Indian: Rubinstein: 4...b6 5 Ne2} e5 11. d5 Nc5 (11... c6 12. Be3 Rc8 13. Rc1 Qe7 14. dxc6 Bxc6 15. b4 Rc7 16. h3 Rfc8 17. Qd2 Nf8 {½-½ (75) Le,Q (2676)-Bitoon,R (2422) Ho Chi Minh City 2015}) 12. Bc2 Qe7 13. Be3 $146 ({Predecessor:} 13. b4 Ncd7 14. g3 h6 15. f4 exf4 16. gxf4 {1-0 (32) Toncheva,N (1802)-Karimli,Z (1416) Mamaia 2017}) 13... Ne8 14. Qe2 Nd7 15. b4 Ba6 (15... Nef6 $16 16. Ba4 a5) 16. Nb5 (16. a4 $18) 16... Kh8 (16... Bb7 $16 {might work better.} 17. f3 Qd8) 17. Bd3 ({White should try} 17. a4 $18) 17... Bxb5 18. Bd2 $2 {[%mdl 40960] An unexpected result.} (18. cxb5 $16 {is necessary to keep the advantage.} f5 19. exf5) 1/2-1/2

[Event "1st Goa GM Open 2018"]
[Site "Taleigao"]
[Date "2018.10.17"]
[Round "7"]
[White "Predke, Alexandr"]
[Black "Michelle Catherina, P."]
[Result "1-0"]
[WhiteElo "2615"]
[BlackElo "2147"]
[Annotator "TA"]
[PlyCount "79"]
[EventDate "2018.10.13"]
[EventType "swiss"]
[EventCountry "IND"]
[SourceTitle "playchess.com"]
[Source "ChessBase"]
[SourceQuality "1"]

{[%evp 13,79,0,0,-14,11,3,15,13,16,8,10,2,10,0,0,0,4,3,2,0,0,0,9,0,0,0,12,0,0,0,0,0,0,-18,0,-6,0,-13,12,-25,-24,-43,-30,-38,0,-71,-16,-62,-14,-10,52,52,51,54,65,59,41,35,256,145,585,53,613,597,1238,0,157,0]} 1. Nf3 d5 2. g3 g6 3. Bg2 Bg7 4. d4 Nf6 5. O-O O-O 6. c3 Nbd7 7. Bf4 b6 {LiveBook: 3 Games. D02: 1 d4 d5 2 Nf3 sidelines, including 2...Nf6 3 g3 and 2...Nf6 3 Bf4} (7... c6 8. Qc1 Re8 9. c4 dxc4 10. Qxc4 Nb6 11. Qc1 Bg4 12. Rd1 Qc8 13. Nc3 Nfd5 14. Bh6 Nxc3 15. bxc3 Nc4 {½-½ (34) Malakhov,V (2686)-Vitiugov,N (2722) St Petersburg 2017}) 8. a4 Bb7 9. a5 c5 $146 {The position is equal.} ({Predecessor:} 9... Nh5 10. Be3 e6 11. b4 a6 12. Qc1 c5 13. bxc5 bxc5 14. Bh6 Qe7 15. Bxg7 Nxg7 {½-½ (23) Slipak,S (2435)-Valerga,D (2466) Villa Martelli 2007}) 10. Ne5 {White wants to play a6.} Nxe5 11. Bxe5 e6 12. Na3 Bc6 13. Qc1 Rc8 14. Nc2 Qe7 15. axb6 axb6 16. Ra6 Qb7 17. Ra3 Rfd8 18. Bf3 Ra8 19. h4 h5 20. Qe3 Nd7 21. Bxg7 Kxg7 22. Rxa8 Rxa8 23. Ne1 Bb5 24. Ng2 Qb8 25. Rd1 Ra2 26. Rd2 cxd4 27. Qxd4+ Qe5 28. Qb4 Ba4 29. Nf4 {[#]} (29. Ne3 $11) 29... Qf5 (29... Nf6 $1 $17 {With the idea ...Ra1+.} 30. Kh2 Qc7) 30. Kg2 Ra1 (30... Nf6 $5 {[%cal Ra2a1]} 31. c4 e5 32. Nxd5 e4 $15) 31. Nd3 Ra2 (31... Nf6 $11 32. Qd4 b5) 32. e4 $14 dxe4 $1 33. Bxe4 Qb5 $1 34. Qe7 $36 {[%mdl 2048] Black is under pressure.} Ra1 $1 35. Nf4 Qf1+ $2 ({Better is} 35... Nf8 $1 $14) 36. Kh2 $18 {[#] Nxe6+ would kill now.} Nc5 $2 {[%mdl 8192]} (36... Nf8 $16 {is a better chance.}) 37. Bf3 $2 (37. Rd8 $18 {White threatens Nxh5+! and mate.} Qxf2+ 38. Kh3 Qf1+ 39. Bg2) 37... Bd7 $2 {[%mdl 8192]} (37... Qg1+ $14 38. Kh3 Rd1 39. Nxh5+ gxh5 40. Qg5+ Kh7) 38. Nh3 {Hoping for Ng5.} Ra7 {Strongly threatening ...Bc6!} 39. Nf4 $2 (39. Ng5 $18 {is the precise move to win.} Be8 40. Qxa7) 39... Ra1 $16 40. Nh3 $2 {[%mdl 32768] Precision: White = 45%, Black = 27%. . Loss on Time!?} ({White has to play} 40. Rxd7 $16 Nxd7 41. Nxe6+ Kh6 42. Qe8 Qxf2+ 43. Bg2) 1-0

[Event "1st Goa GM Open 2018"]
[Site "Taleigao"]
[Date "2018.10.17"]
[Round "7"]
[White "Popov, Ivan"]
[Black "Rathnakaran, K.."]
[Result "1-0"]
[WhiteElo "2611"]
[BlackElo "2366"]
[Annotator "TA"]
[PlyCount "55"]
[EventDate "2018.10.13"]
[EventType "swiss"]
[EventCountry "IND"]
[SourceTitle "playchess.com"]
[Source "ChessBase"]
[SourceQuality "1"]

{[%evp 14,55,19,20,45,38,139,38,80,37,42,10,56,62,66,59,75,78,183,174,166,154,237,193,189,213,270,283,304,285,297,296,369,364,366,239,469,312,331,291,437,430,435,427]} 1. e4 e6 2. d4 d5 3. Nc3 Nf6 4. Bg5 Be7 5. e5 Nfd7 6. h4 h6 7. Bxe7 Qxe7 8. f4 {LiveBook: 25 Partien} c6 {C14: Französische Verteidigung (Klassische Hauptvariante)} (8... a6 9. Nf3 c5 10. dxc5 Nc6 11. a3 O-O 12. Qd2 f6 13. exf6 Qxf6 14. g3 Nxc5 15. O-O-O d4 16. Nxd4 Rd8 17. Nce2 e5 18. fxe5 Nxe5 19. Qf4 Qxf4+ 20. gxf4 Ng4 {½-½ (20) Istratescu,A (2602)-Baklan,V (2621) Calimanesti Caciulata 2016}) 9. Qd2 $146 ({Vorgänger:} 9. Nf3 Na6 10. Qd2 b6 11. O-O-O Bb7 12. Bd3 O-O-O 13. a3 Nc7 14. Ne2 Ba6 15. h5 Bxd3 16. Qxd3 {½-½ (44) Vasiesiu,V (2018)-Popa,G (1842) Calimanesti 2015}) 9... c5 {[#]} (9... b5 $14) 10. Nf3 (10. Nb5 $1 $16) 10... Nc6 {Weiß steht etwas besser.} 11. Ne2 b5 12. g4 {[%cal Bg2g4,Bg4g5][%mdl 32]} (12. f5 $5) 12... Bb7 13. O-O-O c4 14. f5 b4 15. Nf4 Rg8 (15... O-O-O $16) 16. g5 $18 Nb6 17. fxe6 {Und Lh3 würde nun gewinnen.} fxe6 (17... c3 $16 {ist eine bessere Verteidigung.} 18. bxc3 fxe6) 18. Bh3 c3 19. Qd3 {[#] zielt auf Dg6+ ab.} cxb2+ 20. Kxb2 O-O-O 21. Nxe6 Kb8 22. Nxd8 Qxd8 23. Ka1 Na4 24. Rb1 {[%cal Bd1b1,Bb1b2,Bb2b3][%mdl 32]} Qa5 $2 (24... Nc3 {war einen Versuch wert.} 25. Rb2 Qe7) 25. Nd2 Nc3 {[%csl Gc3][%cal Ra5a2]} 26. Rb2 hxg5 (26... Na4 $142 27. Qh7 Rd8) 27. Bd7 Na4 28. Rb3 {Precision: Weiß = 60%, Schwarz = 38%.} 1-0

[Event "1st Goa GM Open 2018"]
[Site "Taleigao"]
[Date "2018.10.17"]
[Round "7"]
[White "Idani, Pouya"]
[Black "Bernadskiy, Vitaliy"]
[Result "1/2-1/2"]
[WhiteElo "2588"]
[BlackElo "2547"]
[Annotator "TA"]
[PlyCount "140"]
[EventDate "2018.10.13"]
[EventType "swiss"]
[EventCountry "IND"]
[SourceTitle "playchess.com"]
[Source "ChessBase"]
[SourceQuality "1"]

{[%evp 9,140,7,10,8,20,17,19,16,33,31,31,25,29,23,31,23,22,-31,28,43,40,40,78,71,73,71,68,87,76,77,106,108,108,110,109,91,92,66,66,54,61,61,57,48,52,52,52,47,75,85,77,35,37,37,83,54,54,54,54,54,54,54,60,60,60,60,60,60,62,63,66,65,72,52,53,55,67,45,47,38,38,38,38,39,38,33,33,35,60,38,70,64,70,58,67,67,71,65,67,0,68,69,69,74,88,39,39,21,22,21,28,28,31,23,23,23,23,23,23,11,39,0,23,12,43,12,22,22,36,27,34,0,0]} 1. e4 e5 2. Nf3 Nf6 3. Nxe5 d6 4. Nd3 (4. Nf3 Nxe4 5. Nc3 Nxc3 6. dxc3 Be7 7. Be3 O-O 8. Qd2 Nd7 9. O-O-O c6 10. h4 d5 11. Kb1 Re8 12. Bd3 Bc5 13. Rde1 Bxe3 14. Rxe3 Rxe3 15. Qxe3 Nf6 {½-½ (28) Aronian,L (2780)-Caruana,F (2827) Batumi 2018}) 4... Nxe4 5. Qe2 Qe7 6. Nc3 {C42: Petroff Defence: 3 Nxe5 and unusual White 3rd moves} Nxc3 7. dxc3 Qxe2+ 8. Bxe2 Be7 9. Be3 O-O 10. Nf4 $146 ({Predecessor:} 10. O-O-O Re8 11. Rhe1 Nc6 {½-½ (39) Sukhodolsky,A (2323)-Neacsu,C (2247) LSS email 2010}) 10... c6 11. O-O-O Nd7 12. c4 Re8 13. g4 ({White should try} 13. Kb1 $11) 13... Nf6 ({Black should play} 13... a6 $15) 14. h3 Ne4 15. Bf3 $36 {[%mdl 2048] White has the initiative.} Bg5 16. Rd4 f5 {[#]} 17. Bxe4 $1 Rxe4 18. Rxe4 fxe4 19. Rd1 Bxf4 20. Bxf4 $16 {[%mdl 4096] Endgame KRB-KRB} Be6 21. Rxd6 Rf8 22. Be3 Bxc4 23. Rd4 Bf1 24. Rxe4 Bxh3 25. Bxa7 Ra8 26. Bc5 Rxa2 27. Re8+ Kf7 28. Re7+ Kg6 29. f3 {Threatens to win with Bd4.} Ra4 30. Bd6 {[#] Hoping for Be5.} Kf6 31. Rxb7 Ke6 32. Bb8 (32. Bb4 {is interesting.} Bg2 33. b3 Ra1+ 34. Kb2 Rh1 35. f4) 32... Bg2 33. Rb3 g6 34. Rc3 Kd7 35. g5 Rh4 36. Kd2 h6 37. gxh6 Rxh6 38. Rd3+ Kc8 39. Bf4 Rh5 40. Ke2 Rd5 41. Rc3 Kd7 42. Ra3 Rb5 43. Kf2 Bh3 $1 44. b3 Bf5 45. Ra7+ Kd8 46. Ra2 Kc8 47. Be3 Kd7 48. Ke2 Rd5 49. c3 Re5 50. Ra7+ Kc8 51. Kf2 Rd5 52. b4 Bd3 53. Ra8+ Kb7 54. Ra7+ Kc8 55. Bd4 Rf5 56. Ke3 Bc4 57. f4 {And now Be5 would win.} g5 58. Be5 {Black must now prevent Rc7+.} gxf4+ 59. Bxf4 {aiming for Rc7+.} Rf7 60. Ra8+ Kb7 61. Re8 Rd7 62. Be5 Bf7 63. Rb8+ Ka7 $1 64. Rf8 Kb7 65. Rb8+ Ka7 $1 66. Rh8 Kb7 67. Rh6 Re7 68. Kd4 Bd5 69. c4 Bg8 70. Rh8 Bxc4 $1 {Precision: White = 57%, Black = 57%.} 1/2-1/2

[Event "1st Goa GM Open 2018"]
[Site "Taleigao"]
[Date "2018.10.17"]
[Round "7"]
[White "Malakhatko, Vadim"]
[Black "Anuj Shrivatri"]
[Result "0-1"]
[WhiteElo "2552"]
[BlackElo "2345"]
[Annotator "ChessBase"]
[PlyCount "80"]
[EventDate "2018.10.13"]
[EventType "swiss"]
[EventCountry "IND"]
[SourceTitle "playchess.com"]
[Source "ChessBase"]
[SourceQuality "1"]
[TimeControl "5400+30"]

1. d4 {[%emt 0:00:00]} Nf6 {[%emt 0:00:00]} 2. c4 {[%emt 0:00:00]} g6 {[%emt 0:00:00]} 3. Nc3 {[%emt 0:00:00]} Bg7 {[%emt 0:00:00]} 4. e4 {[%emt 0:00:00]} d6 {[%emt 0:00:00]} 5. Nf3 {[%emt 0:00:00]} O-O {[%emt 0:00:02]} 6. Be2 {[%emt 0:00:04]} e5 {[%emt 0:00:11]} 7. O-O {[%emt 0:00:07]} Nc6 {[%emt 0:00:09]} 8. d5 {[%emt 0:00:07]} Ne7 {[%emt 0:00:04]} 9. a4 {[%emt 0:00:05]} a5 {[%emt 0:00:06]} 10. Ne1 {[%emt 0:00:06]} Nd7 {[%emt 0:00:06]} 11. Nd3 {[%emt 0:00:06]} f5 {[%emt 0:00:07]} 12. f3 {[%emt 0:00:04]} Kh8 {[%emt 0:00:06]} 13. Bg5 {[%emt 0:03:10]} f4 {[%emt 0:06:33]} 14. Bh4 {[%emt 0:00:14]} b6 {[%emt 0:01:00]} 15. Nb5 {[%emt 0:00:32]} Nf6 {[%emt 0:11:38]} 16. Be1 {[%emt 0:04:14]} g5 {[%emt 0:06:02]} 17. Nf2 {[%emt 0:00:55]} h5 {[%emt 0:03:20]} 18. h3 {[%emt 0:00:10]} Rf7 {[%emt 0:21:18]} 19. b4 {[%emt 0:00:23]} Neg8 {[%emt 0:03:02]} 20. bxa5 {[%emt 0:00:14]} bxa5 {[%emt 0:00:12]} 21. c5 {[%emt 0:01:01]} Bf8 {[%emt 0:09:18]} 22. Na3 {[%emt 0:21:35]} Rg7 {[%emt 0:06:03]} 23. Nc4 {[%emt 0:01:00]} Nh6 {[%emt 0:02:07]} 24. Bc3 {[%emt 0:09:22]} g4 {[%emt 0:09:44]} 25. fxg4 {[%emt 0:03:34]} hxg4 {[%emt 0:00:07]} 26. hxg4 {[%emt 0:00:05]} Nfxg4 {[%emt 0:01:42]} 27. Nxg4 {[%emt 0:04:09]} Bxg4 {[%emt 0:02:19]} 28. Ra2 {[%emt 0:32:18]} Qh4 {[%emt 0:03:53]} 29. Be1 {[%emt 0:05:34]} Qh5 {[%emt 0:00:25]} 30. g3 {[%emt 0:00:17]} Be7 {[%emt 0:01:57]} 31. Bf3 {[%emt 0:00:36]} fxg3 {[%emt 0:01:24]} 32. Ne3 {[%emt 0:03:27]} Rag8 {[%emt 0:08:16]} 33. Bxg4 {[%emt 0:11:31]} Nxg4 {[%emt 0:00:05]} 34. Rf5 {[%emt 0:00:23]} Qh3 {[%emt 0:01:14]} 35. Nxg4 {[%emt 0:00:18]} Rxg4 {[%emt 0:00:33]} 36. Qf3 {[%emt 0:00:35]} Rh4 {[%emt 0:00:56]} 37. Rd2 {[%emt 0:01:25]} Qh2+ {[%emt 0:02:44]} 38. Kf1 {[%emt 0:00:08]} g2+ {[%emt 0:01:16]} 39. Rxg2 {[%emt 0:00:15]} Qh1+ {[%emt 0:00:17]} 40. Ke2 {[%emt 0:01:14]} Qxg2+ {[%emt 0:00:08]} 0-1

[Event "1st Goa GM Open 2018"]
[Site "Taleigao"]
[Date "2018.10.17"]
[Round "7"]
[White "Ter-Sahakyan, Samvel"]
[Black "Babujian, Levon"]
[Result "0-1"]
[WhiteElo "2547"]
[BlackElo "2456"]
[Annotator "ChessBase"]
[PlyCount "96"]
[EventDate "2018.10.13"]
[EventType "swiss"]
[EventCountry "IND"]
[SourceTitle "playchess.com"]
[Source "ChessBase"]
[SourceQuality "1"]
[TimeControl "5400+30"]

1. Nf3 {[%emt 0:00:00]} Nf6 {[%emt 0:00:00]} 2. d4 {[%emt 0:00:06]} g6 {[%emt 0:00:15]} 3. e3 {[%emt 0:02:40]} Bg7 {[%emt 0:00:23]} 4. Be2 {[%emt 0:00:04]} O-O {[%emt 0:00:48]} 5. O-O {[%emt 0:00:05]} d6 {[%emt 0:01:09]} 6. a4 {[%emt 0:00:05]} Nc6 {[%emt 0:05:04]} 7. a5 {[%emt 0:06:13]} e5 {[%emt 0:00:47]} 8. a6 {[%emt 0:00:40]} e4 {[%emt 0:04:38]} 9. Nfd2 {[%emt 0:05:18]} bxa6 {[%emt 0:00:59]} 10. Bxa6 {[%emt 0:01:03]} Bg4 {[%emt 0:02:13]} 11. Be2 {[%emt 0:02:06]} h5 {[%emt 0:00:50]} 12. Nxe4 {[%emt 0:09:30]} Nxe4 {[%emt 0:01:28]} 13. f3 {[%emt 0:00:11]} f5 {[%emt 0:11:24]} 14. fxe4 {[%emt 0:10:28]} fxe4 {[%emt 0:01:04]} 15. Nc3 {[%emt 0:00:05]} Rf7 16. Rf2 Rxf2 {[%emt 0:11:18]} 17. Qe1 Rf1+ 18. Qxf1 {[%emt 0:01:06]} Bxe2 {[%emt 0:00:55]} 19. Qxe2 {[%emt 0:00:18]} d5 {[%emt 0:08:22]} 20. Ra6 {[%emt 0:24:05]} Ne7 {[%emt 0:01:10]} 21. Bd2 {[%emt 0:00:14]} c6 {[%emt 0:02:16]} 22. Na4 {[%emt 0:04:19]} Qe8 {[%emt 0:00:56]} 23. c4 {[%emt 0:01:20]} Kh7 {[%emt 0:02:03]} 24. Nc5 {[%emt 0:00:54]} Nf5 {[%emt 0:05:35]} 25. b4 {[%emt 0:03:15]} Bh6 {[%emt 0:06:32]} 26. b5 {[%emt 0:05:15]} dxc4 {[%emt 0:00:53]} 27. Rxc6 {[%emt 0:01:09]} Rb8 {[%emt 0:08:18]} 28. Rc7+ {[%emt 0:07:27]} Kh8 {[%emt 0:00:06]} 29. Nd7 {[%emt 0:01:00]} Qf7 {[%emt 0:03:18]} 30. Nxb8 {[%emt 0:07:38]} Qxc7 {[%emt 0:00:05]} 31. Nc6 {[%emt 0:00:04]} c3 {[%emt 0:02:15]} 32. Bxc3 {[%emt 0:00:37]} Bxe3+ {[%emt 0:00:12]} 33. Kh1 {[%emt 0:00:02]} Kh7 {[%emt 0:02:47]} 34. Be1 {[%emt 0:04:49]} Qf4 {[%emt 0:04:27]} 35. d5 {[%emt 0:03:08]} h4 {[%emt 0:01:50]} 36. g4 {[%emt 0:00:50]} hxg3 {[%emt 0:01:03]} 37. hxg3 {[%emt 0:00:51]} Qf3+ {[%emt 0:00:31]} 38. Qxf3 {[%emt 0:00:04]} exf3 {[%emt 0:00:04]} 39. g4 {[%emt 0:00:05]} Nd6 {[%emt 0:00:25]} 40. Bg3 {[%emt 0:02:05]} Ne4 {[%emt 0:00:09]} 41. Kh2 {[%emt 0:00:03]} f2 {[%emt 0:00:16]} 42. Bxf2 {[%emt 0:00:04]} Bxf2 {[%emt 0:00:05]} 43. Kg2 {[%emt 0:00:25]} Bc5 {[%emt 0:00:32]} 44. Kf3 {[%emt 0:00:06]} Nd6 {[%emt 0:00:17]} 45. Kf4 {[%emt 0:00:02]} Nxb5 {[%emt 0:00:09]} 46. Ke5 {[%emt 0:00:03]} Kg7 {[%emt 0:02:05]} 47. Nd8 {[%emt 0:01:15]} Bd6+ {[%emt 0:00:17]} 48. Ke6 {[%emt 0:00:12]} a5 {[%emt 0:00:16]} 0-1